Bilecik Bilecik Bilecik Bilecik Bilecik

Modern talaşlı imalat yöntemleri/ (Record no. 55235)

MARC details
000 -BAŞLIK
Sabit Uzunluktaki Kontrol Alanı 01258nam a22003857a 4500
001 - KONTROL NUMARASI
Control Dosyası 0055427
003 - KONTROL NUMARASI KİMLİĞİ
Kontrol Alanı KOHA_MİRAKIL
005 - EN SON İŞLEM TARİHİ ve ZAMANI
Kontrol Alanı 20260207004018.0
007 - FİZİKSEL TANIM SABİT ALAN - GENEL BİLGİ
Sabit uzunluklu kontrol alanı ta
008 - SABİT UZUNLUKTAKİ VERİ ÖGELERİ - GENEL BİLGİ
Sabit Alan 160215b2010 tu |||gr||||#||||0|tur |
020 ## - ISBN - ULUSLARARASI STANDART KİTAP NUMARASI
Isbn 9786054118564
040 ## - KATALOGLAMA KAYNAĞI
Özgün Kataloglama Kurumu TR-BiSEU
Kataloglama Dili tur
Çeviri Kurumu TR-BiSEU
Açıklama Kuralları rda
041 0# - DİL KODU
Metin ya da ses kaydının dil kodu tur
044 ## - YAYINLAYAN/ÜRETEN KURULUŞUN ÜLKE KODU
ISO country code tu
050 ## - SINIFLAMA ve YER NUMARASI
Sınıflama Numarası TJ1185
Yer Numarası .M63 2010
245 0# - ESER ADI BİLDİRİMİ
Başlık Modern talaşlı imalat yöntemleri/
Sorumluluk Bildirimi Çeviren M. Cemal Çakır.
250 ## - BASIM BİLDİRİMİ
Basım Bildirimi 2. Basım
264 #1 - ÜRERİM, YAYIN, DAĞITIM ve TELİF BİLDİRİMİ
Yayın yeri Bursa :
Yayınlayan VİPAŞ
Yayın tarihi 2010
300 ## - FİZİKSEL TANIMLAMA
Sayfa, Cilt vb. XII, 535 sayfa ;
Boyutları 24 cm.
336 ## - İÇERİK TÜRÜ
Content type term metin
Content type code txt
Source rdacontent
337 ## - MEDYA TÜRÜ
Media type term aracısız
Media type code n
Source rdamedia
338 ## - TAŞIYICI TÜRÜ
Carrier type term cilt
Carrier type code nc
Source rdacarrier
490 1# - DİZİ BİLDİRİMİ
Dizi Bildirimi Uludağ Üniversitesi Güçlendirme Vakfı yayın no ;
Cilt Numarası 158.
490 1# - DİZİ BİLDİRİMİ
Dizi Bildirimi VİPAŞ A.Ş.
490 1# - DİZİ BİLDİRİMİ
Dizi Bildirimi yayın sıra no ;
Cilt Numarası 34.
500 ## - GENEL NOT
Genel Not Kitap modern metal cutting adlı kitabın son sekiz bölümünün çevirisini içerir.
650 #0 - KONU BAŞLIĞI EK GİRİŞ - KONU TERİMİ
Konusal terim veya coğrafi ad Metal kesme.
9 (RLIN) 102931
650 #0 - KONU BAŞLIĞI EK GİRİŞ - KONU TERİMİ
Konusal terim veya coğrafi ad Metal kesme takımları.
9 (RLIN) 102932
650 #0 - KONU BAŞLIĞI EK GİRİŞ - KONU TERİMİ
Konusal terim veya coğrafi ad Metal-cutting.
9 (RLIN) 102933
650 #0 - KONU BAŞLIĞI EK GİRİŞ - KONU TERİMİ
Konusal terim veya coğrafi ad Metal-cutting tools.
9 (RLIN) 102934
830 1# - SERİ EK GİRİŞİ - TEKBİÇİM ESER ADI
Tekbiçim Başlık Uludağ Üniversitesi Güçlendirme Vakfı yayın no ;
Volume number/sequential designation 158.
9 (RLIN) 2243
830 1# - SERİ EK GİRİŞİ - TEKBİÇİM ESER ADI
Tekbiçim Başlık VİPAŞ A.Ş.
9 (RLIN) 9410
830 1# - SERİ EK GİRİŞİ - TEKBİÇİM ESER ADI
Tekbiçim Başlık yayın sıra no ;
Volume number/sequential designation 34.
9 (RLIN) 25280
942 ## - EK GİRİŞ ÖGELERİ (KOHA)
Source of classification or shelving scheme Library of Congress Classification
Koha item type Book
Holdings
Materyal Türü Kalıcı Konum Mevcut Konum Raf Yeri Sınıflandırma Kaynağı Edinim Bilgisi Ana Konular Alt Konular Yer Numarası Demirbaş Numarası Fatura Tarihi Geri Çekilme Durumu Kayıp Durumu Hasarlı Durumu Kredi için değil Kayıt Tarih Toplam Ödünçverme Son Görülme Tarihi Son Kontrol Tarihi Genel / Bağış Notu Maliyet, Alış Fiyatı Maliyet, Yenileme Fiyatı Satın Alma Notu
Book Prof. Dr. Azmi Özcan Kütüphanesi Prof. Dr. Azmi Özcan Kütüphanesi Birûni Salonu Library of Congress Classification Bağış TEKNOLOJİ Makine Mühendisliği ve Makineler TJ1185 .M63 2010 0044800 02/02/2026         16/08/2024 1 17/03/2025 17/03/2025 Birol AKYÜZ, Akademisyen      
Book Prof. Dr. Azmi Özcan Kütüphanesi Prof. Dr. Azmi Özcan Kütüphanesi Birûni Salonu Library of Congress Classification Satın TEKNOLOJİ Makine Mühendisliği ve Makineler TJ1185 .M63 2010 0055427 08/02/2016         15/02/2016 20 05/12/2024 05/12/2024   20.74 20.74 PAE 2016000001394